Social science research : principles, methods and practices / (Record no. 8674)
[ view plain ]
| 000 -LEADER | |
|---|---|
| fixed length control field | 01217nam a22001817a 4500 |
| 005 - DATE AND TIME OF LATEST TRANSACTION | |
| control field | 20220211125502.0 |
| 008 - FIXED-LENGTH DATA ELEMENTS--GENERAL INFORMATION | |
| fixed length control field | 220211b ||||| |||| 00| 0 eng d |
| 020 ## - INTERNATIONAL STANDARD BOOK NUMBER | |
| International Standard Book Number | 9781475146127 |
| 050 ## - LIBRARY OF CONGRESS CALL NUMBER | |
| Classification number | H62.B477(2e) |
| 100 ## - MAIN ENTRY--PERSONAL NAME | |
| 9 (RLIN) | Bhattacherjee, Anol. |
| 245 ## - TITLE STATEMENT | |
| Title | Social science research : principles, methods and practices / |
| Statement of responsibility, etc. | Anol Bhattacherjee. |
| 250 ## - EDITION STATEMENT | |
| Edition statement | 2nd ed. |
| 260 ## - PUBLICATION, DISTRIBUTION, ETC. | |
| Place of publication, distribution, etc. | Tampa : |
| Date of publication, distribution, etc. | 2012. |
| 300 ## - PHYSICAL DESCRIPTION | |
| Extent | iii, 149p. : |
| Other physical details | ill. ; |
| Dimensions | 28 cm. |
| 500 ## - GENERAL NOTE | |
| General note | Includes appendix. |
| 505 ## - FORMATTED CONTENTS NOTE | |
| Formatted contents note | Contents: Introduction to research: Science and scientific research -- Thinking like a researcher -- The research process -- Theories in scientific research -- Basics of empirical research: Research design -- Measurement of constructs -- Scale reliability and validity -- Sampling -- Data collection: Survey research -- Experimental research --Case research -- Interpretive research -- Data analysis: Qualitative analysis -- Quantitative analysis: descriptive statistics -- Quantitative analysis: inferential statistics -- Epilogue: Research ethics. |
| 942 ## - ADDED ENTRY ELEMENTS (KOHA) | |
| Source of classification or shelving scheme | Library of Congress Classification |
| Koha item type | Books |
| Withdrawn status | Lost status | Source of classification or shelving scheme | Damaged status | Not for loan | Home library | Current library | Shelving location | Date acquired | Full call number | Barcode | Date last seen | Copy number | Price effective from | Koha item type |
|---|---|---|---|---|---|---|---|---|---|---|---|---|---|---|
| Library of Congress Classification | WISCONSIN INTERNATIONAL UNIVERSITY COLLEGE, GHANA - MAIN LIBRARY | WISCONSIN INTERNATIONAL UNIVERSITY COLLEGE, GHANA - MAIN LIBRARY | Reference | 11/02/2022 | H62.B477(2e) | 9120/569/22 | 11/02/2022 | 1 | 11/02/2022 | Books |
